| 000 | 01096nam a2200193Ia 4500 | ||
|---|---|---|---|
| 999 |
_c38154 _d38154 |
||
| 001 | 4144 | ||
| 003 | GE_BSU | ||
| 005 | 20190918112140.0 | ||
| 008 | 181216s2006||||ge |||||||||||||| ||geo|| | ||
| 020 | _a9994025554 | ||
| 040 | _cGE_BSU | ||
| 080 | _a325(479.223)+39(479.223) ფ-97 | ||
| 245 |
_aაჭარის მოსახლეობის მიგრაციის ისტორიულ–ეთნოლოგიური პრობლემები / _cბათუმის შოთა რუსთაველის სახ. სახელმწიფო უნ–ტი. არქეოლოგიისა და ეთმოლოგიის კათედრა; რედ. ნუგზარ მგელაძე. |
||
| 264 |
_aბათუმი : _bბათუმის უნ-ტის გამ-ბა, _c2006. |
||
| 300 |
_a306 გვ. ; _b20 სმ. |
||
| 653 | _a აჭარის მოსახლეობის მიგრაცია | ||
| 700 |
_aმგელაძე, ნუგზარ _eრედაქტორი _91897 |
||
| 942 |
_cBK _2udc |
||